LEADER 01472nam1 2200349 i 450 001 CFI0050820 005 20251003044115.0 010 $a8814011362 100 $a20130827f ||||0itac50 ba 101 | $aita 102 $ait 181 1$6z01$ai $bxxxe 182 1$6z01$an 183 1$6z01$anc$2RDAcarrier 200 1 $aˆI ‰contratti di borsa nella giurisprudenza$fCesare Coltro Campi 210 $aMilano: A. Giuffrè 215 $a v.$d25 cm. 463 1$1001CFI0050735$12001 $a1$eBorsa valori e agenti di cambio$fCesare Coltro Campi$v1 463 1$1001CFI0064886$12001 $a2$eˆI ‰contratti$fCesare Coltro Campi$v2 463 1$1001CFI0114725$12001 $a3$eAdempimento, inadempimento, procedure concorsuali$fCesare Coltro Campi$v3 676 $a346$9Diritto privato$v12 676 $a346.450926$9DIRITTO PRIVATO. ITALIA. AGENTI DI MARKETING (COMPRAVENDITA) E ACCORDI$v19 700 1$aColtro Campi$b, Cesare$3CFIV032555$4070$0112931 801 3$aIT$bIT-000000$c20130827 850 $aIT-BN0095 901 $bNAP 01$cD $n$ 912 $aCFI0050820 950 1$aBiblioteca Centralizzata di Ateneo$c1 v.$d 01D (AR) 10 450$c1 v.$d 01D (AR) 10 451$c1 v. (2. copia)$d 01D (AR) 5 268$c1 v. in due copie$d 01D (AR) 5 269 967 $m3 977 $a 01 996 $aContratti di borsa nella giurisprudenza$966996 997 $aUNISANNIO